[Event "Masters Tournament (MTO)"]
[Site "Biel, CH"]
[Date "2025.07.22"]
[Round "8"]
[White "Paul, Mathias"]
[Black "Ho, Carter"]
[Result "0-1"]
[Board "32"]
[WhiteFideId "24694606"]
[BlackFideId "30965292"]
[BlackTitle "CM"]
[WhiteElo "2051"]
[BlackElo "2208"]
[WhiteTeam "GER"]
[BlackTeam "USA"]
[WhiteClock "0:03:52"]
[BlackClock "0:22:43"]
[Variant "Standard"]

1. e4 {[%clk 1:40:56]}  c5 {[%clk 1:40:54]} 2. Nf3 {[%clk 1:41:15]}  e6 {[%clk 1:41:18]} 3. d3 {[%clk 1:41:09]}  Nc6 {[%clk 1:41:30]} 4. g3 {[%clk 1:41:30]}  Nf6 {[%clk 1:41:47]} 5. Bg2 {[%clk 1:40:25]}  d5 {[%clk 1:40:24]} 6. Nbd2 {[%clk 1:41:27]}  Be7 {[%clk 1:40:33]} 7. O-O {[%clk 1:39:38]}  O-O {[%clk 1:36:29]} 8. Re1 {[%clk 1:39:45]}  h6 {[%clk 1:33:49]} 9. c3 {[%clk 1:31:59]}  b5 {[%clk 1:24:23]} 10. h4 {[%clk 1:25:20]}  a5 {[%clk 1:34:21]} 11. e5 {[%clk 1:24:33]}  Nh7 {[%clk 1:31:03]} 12. Nf1 {[%clk 1:22:05]}  Ba6 {[%clk 1:11:09]} 13. Bf4 {[%clk 1:01:41]}  b4 {[%clk 1:03:33]} 14. N1h2 {[%clk 0:58:42]}  Rb8 {[%clk 0:53:58]} 15. Ng4 {[%clk 0:51:38]}  a4 {[%clk 1:14:17]} 16. a3 {[%clk 0:42:41]}  bxc3 {[%clk 1:13:40]} 17. bxc3 {[%clk 0:43:00]}  Rb3 {[%clk 1:10:10]} 18. Bf1 {[%clk 0:37:24]}  Na5 {[%clk 0:56:38]} 19. Qc1 {[%clk 0:32:28]}  d4 {[%clk 0:36:21]} 20. Bxh6 {[%clk 0:26:16]}  Rxc3 {[%clk 0:33:42]} 21. Qf4 {[%clk 0:26:03]}  Bxd3 {[%clk 0:30:16]} 22. Bxg7 {[%clk 0:13:50]}  Kxg7 {[%clk 0:30:37]} 23. Qh6+ {[%clk 0:13:49]}  Kh8 {[%clk 0:30:00]} 24. Bxd3 {[%clk 0:09:04]}  Rxd3 {[%clk 0:29:04]} 25. Kg2 {[%clk 0:07:17]}  Rg8 {[%clk 0:29:15]} 26. Re4 {[%clk 0:00:42]}  Rxf3 {[%clk 0:22:01]} 27. Kxf3 {[%clk 0:08:23]}  Qd5 {[%clk 0:22:26]} 28. Qf4 {[%clk 0:04:21]}  Bg5 {[%clk 0:22:03]} 29. hxg5 {[%clk 0:03:33]}  Nxg5+ {[%clk 0:22:27]} 30. Kg2 {[%clk 0:03:52]}  Qxe4+ {[%clk 0:22:43]} 0-1

[Event "Masters Tournament (MTO)"]
[Site "Biel, CH"]
[Date "2025.07.22"]
[Round "8"]
[White "Vemparala, Nikash"]
[Black "Hoffmann, Achim Gunter"]
[Result "1-0"]
[Board "33"]
[WhiteFideId "30960967"]
[BlackFideId "3203840"]
[WhiteTitle "CM"]
[WhiteElo "2187"]
[BlackElo "2045"]
[WhiteTeam "USA"]
[BlackTeam "AUS"]
[WhiteClock "0:50:50"]
[BlackClock "0:28:57"]
[Variant "Standard"]

1. c4 {[%clk 1:40:39]}  f5 {[%clk 1:40:10]} 2. g3 {[%clk 1:40:53]}  Nf6 {[%clk 1:40:24]} 3. Bg2 {[%clk 1:41:14]}  e5 {[%clk 1:40:20]} 4. Nc3 {[%clk 1:41:12]}  c5 {[%clk 1:39:27]} 5. d3 {[%clk 1:39:58]}  Nc6 {[%clk 1:38:59]} 6. e4 {[%clk 1:37:53]}  d6 {[%clk 1:38:46]} 7. Nge2 {[%clk 1:37:42]}  Be7 {[%clk 1:37:40]} 8. O-O {[%clk 1:37:35]}  fxe4 {[%clk 1:31:48]} 9. dxe4 {[%clk 1:32:28]}  Bg4 {[%clk 1:31:15]} 10. h3 {[%clk 1:30:29]}  Bh5 {[%clk 1:26:12]} 11. g4 {[%clk 1:23:54]}  Bf7 {[%clk 1:22:18]} 12. Nd5 {[%clk 1:23:02]}  Nxd5 {[%clk 1:19:27]} 13. cxd5 {[%clk 1:13:36]}  Nd4 {[%clk 1:18:10]} 14. Nxd4 {[%clk 1:12:57]}  cxd4 {[%clk 1:16:22]} 15. f4 {[%clk 1:13:17]}  Qd7 {[%clk 1:11:04]} 16. Qf3 {[%clk 1:10:03]}  Rf8 {[%clk 1:02:37]} 17. Qg3 {[%clk 1:08:55]}  Qc7 {[%clk 0:38:31]} 18. Bd2 {[%clk 1:04:37]}  Rd8 {[%clk 0:36:52]} 19. Rac1 {[%clk 1:04:27]}  Qb8 {[%clk 0:25:57]} 20. g5 {[%clk 0:53:12]}  Rd7 {[%clk 0:32:57]} 21. h4 {[%clk 0:49:59]}  Bd8 {[%clk 0:29:51]} 22. Bh3 {[%clk 0:50:02]}  Rc7 {[%clk 0:30:12]} 23. fxe5 {[%clk 0:50:20]}  Rxc1 {[%clk 0:30:29]} 24. Rxc1 {[%clk 0:50:45]}  dxe5 {[%clk 0:29:10]} 25. Bb4 {[%clk 0:50:31]}  Bc7 {[%clk 0:28:29]} 26. Bxf8 {[%clk 0:50:31]}  Kxf8 {[%clk 0:28:57]} 27. d6 {[%clk 0:50:50]} 1-0

[Event "Masters Tournament (MTO)"]
[Site "Biel, CH"]
[Date "2025.07.22"]
[Round "8"]
[White "Artan, Tamir"]
[Black "Yash Abhijit Patil"]
[Result "0-1"]
[Board "34"]
[WhiteFideId "1346865"]
[BlackFideId "25602110"]
[WhiteElo "2054"]
[BlackElo "2186"]
[WhiteTeam "SUI"]
[BlackTeam "IND"]
[WhiteClock "0:48:52"]
[BlackClock "1:14:01"]
[Variant "Standard"]

1. e4 {[%clk 1:37:01]}  e6 {[%clk 1:40:38]} 2. d4 {[%clk 1:37:27]}  d5 {[%clk 1:40:57]} 3. Nd2 {[%clk 1:37:54]}  c5 {[%clk 1:41:02]} 4. Ngf3 {[%clk 1:38:17]}  Nc6 {[%clk 1:40:40]} 5. exd5 {[%clk 1:37:55]}  exd5 {[%clk 1:40:29]} 6. dxc5 {[%clk 1:38:21]}  Bxc5 {[%clk 1:39:51]} 7. Bd3 {[%clk 1:37:19]}  Nge7 {[%clk 1:37:34]} 8. c3 {[%clk 1:36:53]}  O-O {[%clk 1:36:30]} 9. Qc2 {[%clk 1:36:27]}  h6 {[%clk 1:36:11]} 10. Nb3 {[%clk 1:35:15]}  Bb6 {[%clk 1:34:32]} 11. O-O {[%clk 1:33:14]}  Bg4 {[%clk 1:33:30]} 12. Nfd4 {[%clk 1:32:50]}  Rc8 {[%clk 1:28:53]} 13. Nxc6 {[%clk 1:29:32]}  bxc6 {[%clk 1:21:02]} 14. Kh1 {[%clk 1:22:09]}  c5 {[%clk 1:18:33]} 15. c4 {[%clk 1:18:11]}  Nc6 {[%clk 1:17:59]} 16. cxd5 {[%clk 1:15:26]}  Nb4 {[%clk 1:16:54]} 17. Qc4 {[%clk 1:15:10]}  Nxd3 {[%clk 1:16:18]} 18. Qxg4 {[%clk 1:13:57]}  Qf6 {[%clk 1:16:25]} 19. Be3 {[%clk 1:12:03]}  c4 {[%clk 1:13:55]} 20. Nd4 {[%clk 1:07:38]}  h5 {[%clk 1:13:16]} 21. Qe4 {[%clk 0:55:02]}  Rfe8 {[%clk 1:13:39]} 22. Ne6 {[%clk 0:52:44]}  fxe6 {[%clk 1:13:28]} 23. d6 {[%clk 0:52:47]}  Red8 {[%clk 1:13:39]} 24. Bg5 {[%clk 0:49:34]}  Qxg5 {[%clk 1:13:39]} 25. Qxe6+ {[%clk 0:49:34]}  Kh7 {[%clk 1:13:26]} 26. Qe4+ {[%clk 0:49:06]}  Qg6 {[%clk 1:13:45]} 27. Qxg6+ {[%clk 0:48:52]}  Kxg6 {[%clk 1:14:01]} 0-1

[Event "Masters Tournament (MTO)"]
[Site "Biel, CH"]
[Date "2025.07.22"]
[Round "8"]
[White "He, Junchen"]
[Black "Tureshbayev, Anuar"]
[Result "1/2-1/2"]
[Board "35"]
[WhiteFideId "8642427"]
[BlackFideId "651081709"]
[WhiteElo "2007"]
[BlackElo "2163"]
[WhiteTeam "CHN"]
[BlackTeam "IRL"]
[WhiteClock "0:00:57"]
[BlackClock "0:11:20"]
[Variant "Standard"]

1. c4 {[%clk 1:40:55]}  e6 {[%clk 1:40:52]} 2. Nf3 {[%clk 1:41:13]}  Nf6 {[%clk 1:41:08]} 3. g3 {[%clk 1:41:10]}  d5 {[%clk 1:41:30]} 4. Bg2 {[%clk 1:41:33]}  dxc4 {[%clk 1:41:50]} 5. Qa4+ {[%clk 1:41:57]}  Bd7 {[%clk 1:42:15]} 6. Qxc4 {[%clk 1:42:22]}  c5 {[%clk 1:42:42]} 7. Ne5 {[%clk 1:42:39]}  Qc8 {[%clk 1:43:08]} 8. Qd3 {[%clk 1:42:54]}  Qc7 {[%clk 1:31:10]} 9. Nxd7 {[%clk 1:40:37]}  Nbxd7 {[%clk 1:34:25]} 10. b3 {[%clk 1:40:13]}  Be7 {[%clk 1:32:30]} 11. Bb2 {[%clk 1:40:05]}  O-O {[%clk 1:30:54]} 12. O-O {[%clk 1:37:15]}  Rfd8 {[%clk 1:27:45]} 13. Nc3 {[%clk 1:35:41]}  Rac8 {[%clk 1:25:43]} 14. Qb5 {[%clk 1:23:16]}  Nb6 {[%clk 1:22:35]} 15. d3 {[%clk 1:28:09]}  Nbd5 {[%clk 1:20:25]} 16. Qc4 {[%clk 1:20:02]}  a6 {[%clk 1:14:41]} 17. Nxd5 {[%clk 1:16:04]}  Nxd5 {[%clk 1:19:24]} 18. Qe4 {[%clk 1:00:16]}  b5 {[%clk 1:13:40]} 19. Rfc1 {[%clk 0:59:34]}  Qa5 {[%clk 1:08:35]} 20. Rc2 {[%clk 0:51:43]}  Rd7 {[%clk 1:00:24]} 21. Rac1 {[%clk 0:50:10]}  Bf8 {[%clk 0:48:59]} 22. a3 {[%clk 0:44:55]}  b4 {[%clk 0:42:09]} 23. a4 {[%clk 0:42:00]}  Qd8 {[%clk 0:40:35]} 24. h4 {[%clk 0:36:46]}  Rdc7 {[%clk 0:36:49]} 25. Qf3 {[%clk 0:29:48]}  g6 {[%clk 0:32:13]} 26. e4 {[%clk 0:29:39]}  Nc3 {[%clk 0:31:24]} 27. Bxc3 {[%clk 0:23:55]}  bxc3 {[%clk 0:31:45]} 28. Rxc3 {[%clk 0:24:16]}  Bg7 {[%clk 0:32:10]} 29. Rc4 {[%clk 0:24:06]}  Bb2 {[%clk 0:30:18]} 30. Rb1 {[%clk 0:24:03]}  Bd4 {[%clk 0:30:25]} 31. Qe2 {[%clk 0:20:54]}  e5 {[%clk 0:29:29]} 32. Qd2 {[%clk 0:16:09]}  Rb7 {[%clk 0:28:39]} 33. Bf3 {[%clk 0:16:22]}  Rc6 {[%clk 0:27:48]} 34. Kg2 {[%clk 0:10:43]}  Qb8 {[%clk 0:27:02]} 35. Bd1 {[%clk 0:12:19]}  Rf6 {[%clk 0:26:48]} 36. f3 {[%clk 0:12:39]}  Rfb6 {[%clk 0:24:59]} 37. Bc2 {[%clk 0:09:28]}  f6 {[%clk 0:21:18]} 38. Bd1 {[%clk 0:05:09]}  h5 {[%clk 0:16:37]} 39. Qh6 {[%clk 0:03:30]}  Qe8 {[%clk 0:17:39]} 40. b4 {[%clk 0:03:11]}  Rh7 {[%clk 0:17:17]} 41. Qd2 {[%clk 0:01:34]}  Rhb7 {[%clk 0:13:13]} 42. Qh6 {[%clk 0:00:40]}  Rh7 {[%clk 0:13:18]} 43. Qd2 {[%clk 0:00:57]}  Qb8 {[%clk 0:11:50]} 44. Rbc1 {[%clk 0:00:41]}  Rxb4 {[%clk 0:11:47]} 45. Rxb4 {[%clk 0:00:57]}  Qxb4 {[%clk 0:11:20]} 46. Qxb4 {[%clk 0:00:57]}  cxb4 {[%clk 0:11:05]} 47. Bb3+ {[%clk 0:00:55]}  Kg7 {[%clk 0:11:03]} 48. Rc7+ {[%clk 0:00:53]}  Kh6 {[%clk 0:11:03]} 49. Rc6 {[%clk 0:00:53]}  a5 {[%clk 0:00:00]} 50. Ra6 {[%clk 0:00:00]}  Rc7 {[%clk 0:11:20]} 51. Bc4 {[%clk 0:00:57]} 1/2-1/2

[Event "Masters Tournament (MTO)"]
[Site "Biel, CH"]
[Date "2025.07.22"]
[Round "8"]
[White "Heyl, Thomas"]
[Black "Hirzel, Cedric"]
[Result "0-1"]
[Board "36"]
[WhiteFideId "4623371"]
[BlackFideId "1341910"]
[WhiteElo "1938"]
[BlackElo "2141"]
[WhiteTeam "GER"]
[BlackTeam "SUI"]
[WhiteClock "0:39:30"]
[BlackClock "0:26:55"]
[Variant "Standard"]

1. c4 {[%clk 1:40:56]}  e5 {[%clk 1:40:27]} 2. Nc3 {[%clk 1:41:13]}  Nf6 {[%clk 1:40:39]} 3. Nf3 {[%clk 1:41:29]}  Nc6 {[%clk 1:40:14]} 4. e3 {[%clk 1:41:42]}  Bb4 {[%clk 1:40:14]} 5. Qc2 {[%clk 1:42:01]}  Bxc3 {[%clk 1:40:12]} 6. bxc3 {[%clk 1:42:15]}  d6 {[%clk 1:40:13]} 7. e4 {[%clk 1:42:33]}  h6 {[%clk 1:39:53]} 8. Be2 {[%clk 1:42:25]}  O-O {[%clk 1:39:34]} 9. O-O {[%clk 1:42:40]}  b6 {[%clk 1:39:36]} 10. Re1 {[%clk 1:42:46]}  Ne7 {[%clk 1:39:45]} 11. d4 {[%clk 1:42:38]}  Ng6 {[%clk 1:40:05]} 12. Bf1 {[%clk 1:42:22]}  Nh7 {[%clk 1:31:03]} 13. a4 {[%clk 1:41:14]}  a5 {[%clk 1:31:12]} 14. Be3 {[%clk 1:33:19]}  Qe7 {[%clk 1:24:02]} 15. c5 {[%clk 1:32:13]}  bxc5 {[%clk 1:20:31]} 16. dxc5 {[%clk 1:32:11]}  dxc5 {[%clk 1:20:47]} 17. Nd2 {[%clk 1:28:17]}  Ba6 {[%clk 1:05:20]} 18. Nb3 {[%clk 1:21:52]}  Bxf1 {[%clk 1:07:47]} 19. Bxc5 {[%clk 1:20:37]}  Qg5 {[%clk 1:05:58]} 20. Rxf1 {[%clk 1:18:51]}  Nf4 {[%clk 1:05:24]} 21. g3 {[%clk 1:12:46]}  Rfb8 {[%clk 0:56:13]} 22. Be3 {[%clk 1:02:06]}  Nf6 {[%clk 0:51:48]} 23. Rab1 {[%clk 0:52:48]}  Ng4 {[%clk 0:46:28]} 24. Bxf4 {[%clk 0:51:46]}  exf4 {[%clk 0:46:51]} 25. Qd2 {[%clk 0:41:18]}  Nxh2 {[%clk 0:26:13]} 26. Kxh2 {[%clk 0:39:37]}  Rxb3 {[%clk 0:26:36]} 27. Rxb3 {[%clk 0:39:30]}  fxg3+ {[%clk 0:26:55]} 0-1

[Event "Masters Tournament (MTO)"]
[Site "Biel, CH"]
[Date "2025.07.22"]
[Round "8"]
[White "Panda, Barnabas"]
[Black "Stefan, Iulia-Cristiana"]
[Result "1/2-1/2"]
[Board "37"]
[WhiteFideId "799556"]
[BlackFideId "1273876"]
[BlackTitle "WCM"]
[WhiteElo "2123"]
[BlackElo "2017"]
[WhiteTeam "HUN"]
[BlackTeam "ROU"]
[WhiteClock "0:25:07"]
[BlackClock "0:08:56"]
[Variant "Standard"]

1. d4 {[%clk 1:40:55]}  d5 {[%clk 1:40:56]} 2. c4 {[%clk 1:41:11]}  e6 {[%clk 1:41:22]} 3. g3 {[%clk 1:41:31]}  Nf6 {[%clk 1:41:44]} 4. Bg2 {[%clk 1:32:52]}  Bb4+ {[%clk 1:31:21]} 5. Nd2 {[%clk 1:42:07]}  O-O {[%clk 1:30:56]} 6. Ngf3 {[%clk 1:42:21]}  dxc4 {[%clk 1:30:10]} 7. Qc2 {[%clk 1:42:26]}  c5 {[%clk 1:22:05]} 8. dxc5 {[%clk 1:33:12]}  Nc6 {[%clk 1:19:10]} 9. Qxc4 {[%clk 1:25:33]}  Qa5 {[%clk 1:19:21]} 10. O-O {[%clk 1:25:26]}  Qxc5 {[%clk 1:19:23]} 11. a3 {[%clk 1:22:24]}  Qxc4 {[%clk 1:18:07]} 12. Nxc4 {[%clk 1:22:47]}  Be7 {[%clk 1:18:27]} 13. Bf4 {[%clk 1:18:18]}  Rd8 {[%clk 1:11:06]} 14. Rfd1 {[%clk 1:10:51]}  Nd5 {[%clk 1:06:00]} 15. Nfe5 {[%clk 0:42:10]}  g5 {[%clk 0:21:23]} 16. Bd2 {[%clk 0:26:40]}  Nxe5 {[%clk 0:21:23]} 17. Nxe5 {[%clk 0:27:02]}  Bf6 {[%clk 0:20:16]} 18. e4 {[%clk 0:25:17]}  Bxe5 {[%clk 0:15:29]} 19. exd5 {[%clk 0:26:43]}  h6 {[%clk 0:12:09]} 20. Ba5 {[%clk 0:22:30]}  Rd7 {[%clk 0:10:30]} 21. Bc3 {[%clk 0:18:24]}  Bxc3 {[%clk 0:09:32]} 22. bxc3 {[%clk 0:18:47]}  exd5 {[%clk 0:08:17]} 23. Bxd5 {[%clk 0:19:08]}  Rc7 {[%clk 0:07:54]} 24. c4 {[%clk 0:16:50]}  Bf5 {[%clk 0:04:12]} 25. Re1 {[%clk 0:15:22]}  Rac8 {[%clk 0:00:38]} 26. Re5 {[%clk 0:13:17]}  Bd3 {[%clk 0:02:53]} 27. h4 {[%clk 0:05:38]}  gxh4 {[%clk 0:02:40]} 28. gxh4 {[%clk 0:05:35]}  Bxc4 {[%clk 0:02:44]} 29. Bf3 {[%clk 0:05:38]}  Bd3 {[%clk 0:01:40]} 30. Kg2 {[%clk 0:04:14]}  b6 {[%clk 0:01:18]} 31. a4 {[%clk 0:00:54]}  Rc5 {[%clk 0:01:10]} 32. Re7 {[%clk 0:00:59]}  R8c7 {[%clk 0:01:14]} 33. Re8+ {[%clk 0:01:09]}  Kg7 {[%clk 0:01:40]} 34. Rd1 {[%clk 0:00:43]}  Bf5 {[%clk 0:00:39]} 35. Rdd8 {[%clk 0:00:40]}  Rc8 {[%clk 0:00:38]} 36. Rxc8 {[%clk 0:00:39]}  Rxc8 {[%clk 0:01:03]} 37. Re7 {[%clk 0:01:04]}  a5 {[%clk 0:00:47]} 38. Bd5 {[%clk 0:00:35]}  Bg6 {[%clk 0:01:01]} 39. Rb7 {[%clk 0:00:54]}  Rc5 {[%clk 0:00:43]} 40. Bf3 {[%clk 0:01:06]}  Rc4 {[%clk 0:00:49]} 41. h5 {[%clk 0:00:44]}  Be4 {[%clk 0:30:19]} 42. Rxb6 {[%clk 0:27:46]}  Bxf3+ {[%clk 0:25:31]} 43. Kxf3 {[%clk 0:28:09]}  Rxa4 {[%clk 0:25:58]} 44. Ra6 {[%clk 0:28:04]}  Ra1 {[%clk 0:25:26]} 45. Kf4 {[%clk 0:23:36]}  a4 {[%clk 0:23:01]} 46. Kf5 {[%clk 0:24:25]}  a3 {[%clk 0:22:23]} 47. f4 {[%clk 0:24:40]}  a2 {[%clk 0:21:35]} 48. Ra8 {[%clk 0:24:59]}  Rh1 {[%clk 0:16:51]} 49. Rxa2 {[%clk 0:25:21]}  Rxh5+ {[%clk 0:17:16]} 50. Kg4 {[%clk 0:25:18]}  Rh1 {[%clk 0:15:43]} 51. Ra6 {[%clk 0:23:37]}  h5+ {[%clk 0:14:29]} 52. Kg5 {[%clk 0:24:48]}  h4 {[%clk 0:11:28]} 53. Kg4 {[%clk 0:24:49]}  h3 {[%clk 0:10:53]} 54. Kg3 {[%clk 0:24:22]}  f6 {[%clk 0:08:59]} 55. f5 {[%clk 0:23:29]}  Rf1 {[%clk 0:08:17]} 56. Ra5 {[%clk 0:23:09]}  Kh6 {[%clk 0:08:35]} 57. Kxh3 {[%clk 0:23:30]}  Kg5 {[%clk 0:08:58]} 58. Kg3 {[%clk 0:23:52]}  Rf4 {[%clk 0:07:53]} 59. Rb5 {[%clk 0:23:45]}  Rg4+ {[%clk 0:07:55]} 60. Kf3 {[%clk 0:24:01]}  Rf4+ {[%clk 0:08:04]} 61. Kg3 {[%clk 0:24:22]}  Rxf5 {[%clk 0:08:30]} 62. Rxf5+ {[%clk 0:24:45]}  Kxf5 {[%clk 0:08:56]} 63. Kf3 {[%clk 0:25:07]} 1/2-1/2

[Event "Masters Tournament (MTO)"]
[Site "Biel, CH"]
[Date "2025.07.22"]
[Round "8"]
[White "Maria, Lia-Alexandra"]
[Black "Madsen, Jens Ingemann"]
[Result "1-0"]
[Board "38"]
[WhiteFideId "1248952"]
[BlackFideId "1434993"]
[WhiteTitle "WFM"]
[WhiteElo "2120"]
[BlackElo "1935"]
[WhiteTeam "ROU"]
[BlackTeam "DEN"]
[WhiteClock "0:54:34"]
[BlackClock "0:39:30"]
[Variant "Standard"]

1. d4 {[%clk 1:40:26]}  Nf6 {[%clk 1:40:16]} 2. Nf3 {[%clk 1:39:52]}  e6 {[%clk 1:39:19]} 3. c4 {[%clk 1:40:59]}  d5 {[%clk 1:38:17]} 4. g3 {[%clk 1:41:06]}  Be7 {[%clk 1:37:10]} 5. Bg2 {[%clk 1:41:02]}  O-O {[%clk 1:34:31]} 6. O-O {[%clk 1:41:08]}  b6 {[%clk 1:32:13]} 7. Qc2 {[%clk 1:39:23]}  c5 {[%clk 1:29:43]} 8. cxd5 {[%clk 1:37:12]}  Nxd5 {[%clk 1:25:41]} 9. Rd1 {[%clk 1:30:49]}  Bb7 {[%clk 1:18:58]} 10. Nc3 {[%clk 1:24:30]}  Qc7 {[%clk 1:09:18]} 11. Nxd5 {[%clk 1:26:55]}  Bxd5 {[%clk 1:08:05]} 12. e4 {[%clk 1:26:42]}  Bb7 {[%clk 1:07:40]} 13. d5 {[%clk 1:24:01]}  e5 {[%clk 1:03:49]} 14. b3 {[%clk 1:16:35]}  Nd7 {[%clk 1:01:47]} 15. d6 {[%clk 1:07:12]}  Bxd6 {[%clk 1:01:24]} 16. Qd3 {[%clk 1:02:58]}  Bxe4 {[%clk 0:50:58]} 17. Qxd6 {[%clk 1:05:30]}  Qxd6 {[%clk 0:51:01]} 18. Rxd6 {[%clk 1:05:55]}  Rad8 {[%clk 0:49:36]} 19. Bb2 {[%clk 1:04:46]}  Nf6 {[%clk 0:44:09]} 20. Rad1 {[%clk 1:00:25]}  Rxd6 {[%clk 0:43:54]} 21. Rxd6 {[%clk 1:00:51]}  Bb1 {[%clk 0:43:50]} 22. a3 {[%clk 0:58:33]}  Ne4 {[%clk 0:43:04]} 23. Rd7 {[%clk 0:58:20]}  f6 {[%clk 0:41:04]} 24. Ne1 {[%clk 0:54:38]}  h5 {[%clk 0:39:30]} 25. Rd1 {[%clk 0:54:34]} 1-0

[Event "Masters Tournament (MTO)"]
[Site "Biel, CH"]
[Date "2025.07.22"]
[Round "8"]
[White "Glasschroeder, Maximilian"]
[Black "Haugner, Jan"]
[Result "0-1"]
[Board "39"]
[WhiteFideId "34652590"]
[BlackFideId "24655244"]
[WhiteElo "1886"]
[BlackElo "2066"]
[WhiteTeam "GER"]
[BlackTeam "GER"]
[WhiteClock "0:16:45"]
[BlackClock "0:13:41"]
[Variant "Standard"]

1. e4 {[%clk 1:40:57]}  c5 {[%clk 1:40:56]} 2. Nc3 {[%clk 1:41:19]}  a6 {[%clk 1:41:20]} 3. g3 {[%clk 1:40:59]}  b5 {[%clk 1:41:40]} 4. d3 {[%clk 1:40:17]}  e6 {[%clk 1:41:05]} 5. Bg2 {[%clk 1:40:04]}  Bb7 {[%clk 1:41:31]} 6. Nh3 {[%clk 1:36:06]}  Nf6 {[%clk 1:40:08]} 7. O-O {[%clk 1:36:09]}  d6 {[%clk 1:39:17]} 8. f4 {[%clk 1:33:50]}  Nc6 {[%clk 1:37:48]} 9. e5 {[%clk 1:23:32]}  dxe5 {[%clk 1:13:54]} 10. f5 {[%clk 1:14:39]}  exf5 {[%clk 1:03:15]} 11. Rxf5 {[%clk 1:09:07]}  Qd4+ {[%clk 0:59:01]} 12. Nf2 {[%clk 1:10:50]}  Qd7 {[%clk 0:55:03]} 13. Bh3 {[%clk 1:01:49]}  Qd6 {[%clk 0:49:05]} 14. Bg5 {[%clk 0:56:58]}  Nd7 {[%clk 0:19:14]} 15. Nce4 {[%clk 0:38:42]}  Qg6 {[%clk 0:33:22]} 16. Bd2 {[%clk 0:30:45]}  Nd4 {[%clk 0:27:28]} 17. Rg5 {[%clk 0:29:35]}  Qc6 {[%clk 0:25:06]} 18. Bxd7+ {[%clk 0:28:33]}  Kxd7 {[%clk 0:25:16]} 19. Rxe5 {[%clk 0:26:57]}  f6 {[%clk 0:21:00]} 20. Qg4+ {[%clk 0:18:36]}  Kc7 {[%clk 0:17:47]} 21. Rf5 {[%clk 0:16:39]}  Bc8 {[%clk 0:14:25]} 22. Qf4+ {[%clk 0:16:45]}  Kb6 {[%clk 0:13:41]} 0-1

[Event "Masters Tournament (MTO)"]
[Site "Biel, CH"]
[Date "2025.07.22"]
[Round "8"]
[White "Kanana, Ziad"]
[Black "Hottinger, Simon"]
[Result "1/2-1/2"]
[Board "40"]
[WhiteFideId "1346911"]
[BlackFideId "1350552"]
[WhiteElo "2062"]
[BlackElo "1913"]
[WhiteTeam "SUI"]
[BlackTeam "SUI"]
[WhiteClock "0:05:44"]
[BlackClock "0:19:17"]
[Variant "Standard"]

1. e4 {[%clk 1:40:56]}  c5 {[%clk 1:40:55]} 2. Nf3 {[%clk 1:41:22]}  d6 {[%clk 1:41:19]} 3. d4 {[%clk 1:41:50]}  cxd4 {[%clk 1:41:43]} 4. Nxd4 {[%clk 1:42:17]}  Nf6 {[%clk 1:42:07]} 5. Nc3 {[%clk 1:42:44]}  a6 {[%clk 1:42:33]} 6. Bd3 {[%clk 1:43:01]}  e5 {[%clk 1:42:56]} 7. Nde2 {[%clk 1:43:08]}  Be7 {[%clk 1:38:27]} 8. O-O {[%clk 1:42:01]}  O-O {[%clk 1:38:28]} 9. Ng3 {[%clk 1:41:26]}  g6 {[%clk 1:35:35]} 10. Bh6 {[%clk 1:25:28]}  Re8 {[%clk 1:35:45]} 11. Qf3 {[%clk 1:22:47]}  Bg4 {[%clk 1:25:20]} 12. Qe3 {[%clk 1:22:17]}  Be6 {[%clk 1:25:42]} 13. h3 {[%clk 1:22:18]}  Nbd7 {[%clk 0:58:49]} 14. Rfd1 {[%clk 1:04:28]}  Qc7 {[%clk 1:02:42]} 15. Bf1 {[%clk 1:01:53]}  b5 {[%clk 0:41:08]} 16. Rac1 {[%clk 0:52:46]}  Nb6 {[%clk 0:39:46]} 17. Qf3 {[%clk 0:52:18]}  Rad8 {[%clk 0:36:28]} 18. Nd5 {[%clk 0:38:50]}  Bxd5 {[%clk 0:31:23]} 19. exd5 {[%clk 0:38:45]}  e4 {[%clk 0:26:24]} 20. Qb3 {[%clk 0:37:40]}  Bf8 {[%clk 0:25:56]} 21. Be3 {[%clk 0:32:13]}  Rb8 {[%clk 0:21:44]} 22. c4 {[%clk 0:28:12]}  bxc4 {[%clk 0:18:33]} 23. Bxc4 {[%clk 0:27:31]}  Nxc4 {[%clk 0:15:11]} 24. Rxc4 {[%clk 0:24:48]}  Rxb3 {[%clk 0:13:43]} 25. Rxc7 {[%clk 0:25:17]}  Rb5 {[%clk 0:13:49]} 26. Bg5 {[%clk 0:15:56]}  Rxd5 {[%clk 0:11:36]} 27. Rxd5 {[%clk 0:15:24]}  Nxd5 {[%clk 0:12:05]} 28. Ra7 {[%clk 0:15:17]}  h6 {[%clk 0:05:21]} 29. Bd2 {[%clk 0:14:32]}  Bg7 {[%clk 0:00:37]} 30. b3 {[%clk 0:09:11]}  e3 {[%clk 0:00:44]} 31. fxe3 {[%clk 0:08:51]}  Nxe3 {[%clk 0:01:08]} 32. Rxa6 {[%clk 0:08:18]}  Bd4 {[%clk 0:00:35]} 33. Ne2 {[%clk 0:07:35]}  Bg7 {[%clk 0:00:32]} 34. Bxe3 {[%clk 0:06:23]}  Rxe3 {[%clk 0:01:00]} 35. Kf2 {[%clk 0:06:42]}  Rd3 {[%clk 0:01:21]} 36. b4 {[%clk 0:06:14]}  Rd2 {[%clk 0:01:24]} 37. a4 {[%clk 0:05:21]}  d5 {[%clk 0:01:11]} 38. Ra8+ {[%clk 0:04:37]}  Kh7 {[%clk 0:01:29]} 39. Ke1 {[%clk 0:02:29]}  Rb2 {[%clk 0:01:29]} 40. Rb8 {[%clk 0:02:09]}  d4 {[%clk 0:01:07]} 41. Nc1 {[%clk 0:29:58]}  Rb1 {[%clk 0:27:05]} 42. Kd2 {[%clk 0:28:53]}  Be5 {[%clk 0:27:14]} 43. Rb7 {[%clk 0:08:31]}  Bf4+ {[%clk 0:25:49]} 44. Kd3 {[%clk 0:08:54]}  Bxc1 {[%clk 0:23:48]} 45. Kxd4 {[%clk 0:08:30]}  Kg7 {[%clk 0:23:54]} 46. a5 {[%clk 0:08:46]}  Ra1 {[%clk 0:20:24]} 47. Kc5 {[%clk 0:08:25]}  Bd2 {[%clk 0:19:49]} 48. Rb5 {[%clk 0:06:53]}  Ra4 {[%clk 0:19:23]} 49. Kc4 {[%clk 0:03:44]}  Bxb4 {[%clk 0:19:20]} 50. Kb3 {[%clk 0:05:48]}  Rxa5 {[%clk 0:19:17]} 51. Kxb4 {[%clk 0:05:44]} 1/2-1/2